000 00613ntaaa2200217 4500
003 01
005 20251027200618.0
008 0714s1973 ag 01
020 _a9505820498
040 _aAR-BaBN
_bspa
_cAR-BaBN
_eaacr
_dRIC
082 _a362.7 K64
100 _aKisnerman, Natalio
_9409
245 _aGrupos recreativos con adolescentes /
_cNatalio Kisnerman,
250 _a1 ed.
260 _aBuenos Aires :
_bHumanitas,
_c1966
300 _a78 p
500 _aEl servicio social con los estudiantes secundariosEl ejemplar 2 es 5 ed
650 _aServicio Social
650 _aEstudiantes
_92016
942 _cBK
999 _c778
_d778